| 000 | 00467nam a2200181Ia 4500 | ||
|---|---|---|---|
| 005 | 20250508151147.0 | ||
| 008 | 008 250505s9999 xx 000 0 hin d | ||
| 037 | _aTextual | ||
| 040 |
_aFEDL _beng _cFEDL |
||
| 041 |
_ahin _2eng |
||
| 084 |
_a177, VIC _qFEDL |
||
| 100 |
_aVichitre _9758579 |
||
| 245 | 0 | _aBalkon ke chalan | |
| 260 |
_aDelhi, India _bRama Krishna Press |
||
| 300 | _a116p | ||
| 942 |
_cTEXL _h177, VIC |
||
| 999 |
_c1327973 _d1327973 |
||